00612 a2200181 450000100060000002000230000604000240002910000270005324000350008024500300011530000090014536200090015465000260016394200070018995201050019695201120030199900170041347344 a8516050238(broch.) cAnchieta - Aquarius aMaia, João Domingues10a=Auto da barca do infernolpor10a=Auto da barca do inferno a96p.0 a2006 4aLiteratura brasileira cBK 00104070a87.1b87.1d2023-11-21l0o869.93 VIC AUTp5937/AQUr2023-11-21 15:14:12w2023-11-21yBK 00102ddc4070a52.1b52.1d2024-05-03l0o790 T828ap9788563219473r2024-05-03 14:50:21w2024-05-03yBKu c47344d47344